Normal view
MARC view
- Montier, James.
Entry Personal Name
001 - CONTROL NUMBER
- control field: 14644
003 - CONTROL NUMBER IDENTIFIER
- control field: NUST
005 - DATE AND TIME OF LATEST TRANSACTION
- control field: 20190530051533.0
008 - FIXED-LENGTH DATA ELEMENTS
- fixed length control field: 190530|| aca||aabn | a|a d
040 ## - CATALOGING SOURCE
- Original cataloging agency: NUST
- Transcribing agency: NUST
100 ## - HEADING--PERSONAL NAME
- Personal name: Montier, James.
670 ## - SOURCE DATA FOUND
- Source citation: Work cat.: (NUST)0: Montier, James., Little book of behavioral investing :, c2010.
